Statistiques concernant Vainqueurs grand prix F1 1982

Cliquez ici pour prendre le quiz!

Statistiques générales

  • Ce quiz a été pris 27 fois
  • Le résultat moyen est 5 sur 16

Statistiques - réponses

Grand prixVainqueurs% Correct
Grand prix Afrique du SudProst
100%
Grand prix BrésilProst
100%
Grand prix du CanadaPiquet
57%
Grand prix USA OuestLauda
52%
Grand prix de Grande BretagneLauda
52%
Grand prix de SuisseRosberg
43%
Grand prix de FranceArnoux
26%
Grand prix d'ItalieArnoux
26%
Grand prix de Saint MarinPironi
17%
Grand prix des Pays BasPironi
17%
Grand prix de MonacoPatrese
13%
Grand prix de BelgiqueWatson
13%
Grand prix des USA EstWatson
13%
Grand d'AllemagneTambay
9%
Grand prix de Las VegasAlboreto
4%
Grand prix d'AutricheDe Angelis
4%

Distribution des résultats

Percentile par nombre de réponses

% des personnes avec chaque résultat

Votre développement - résultats

Vous n’avez pas pris ce quiz